000 00533nam a2200157Ia 4500
008 210716s1997 xx 000 0 und d
020 _a0538839937
041 _aeng
082 _a332.0973 MELR
100 _aMelicher, Ronald W; Welshans, Merle T; Norton, Edgar A.
245 _aFinance: introduction to institutions investments and management.
_bIntroduction to institutions investments and management.
250 _a9
260 _aCincinnati
_bSouth western college publishing
_c1997
300 _axxii,664
650 _aFinance
999 _c198171
_d198171